[Event "FIDE Chesscom Grand Swiss 2019"]
[Site "Douglas-Isle of Man"]
[Date "2019.10.15"]
[Round "6.13"]
[White "Nabaty, Tamir"]
[Black "Yu, Yangyi"]
[Result "0-1"]
[WhiteElo "2658"]
[BlackElo "2763"]
[Annotator "TA"]
[PlyCount "82"]
[EventDate "2019.10.10"]
[EventType "swiss"]
[EventCountry "GBR"]
[SourceTitle "playchess.com"]
[Source "ChessBase"]
[SourceQuality "1"]

{[%evp 10,100,18,14,14,9,17,17,37,23,12,10,21,21,30,13,24,40,114,114,114,109,106,110,108,110,122,82,73,87,124,84,92,95,95,0,0,0,0,0,0,0,0,0,0,0,0,-36,0,-200,-191,-194,-214,-205,-207,-171,-187,-631,-620,-591,-603,-656,-656,-657,-636,-858,-857,-889,-883,-981,-960,-1025,-991,-1166,-1158,-1135,-1112,-1767,-1819,-2047,-1903,-1633,-5058,-5739,-29939,-29984,-29985,-29989,-29987,-29992,-29992,-29993,-29992]} 1. d4 Nf6 2. Nf3 b6 3. Bg5 Bb7 4. Nbd2 e6 5. e4 Be7 6. Bd3 h6 {A46: 1 d4 Nf6 2 Nf3 e6: Torre, London and Colle Systems} 7. Bxf6 Bxf6 8. Qe2 d6 {The position is equal.} 9. h4 $146 ({Predecessor:} 9. O-O-O e5 10. dxe5 Bxe5 11. Bb5+ c6 12. Nxe5 dxe5 {½-½ (39) Vandenbussche,T (2315)-Willemze,T (2398) Belgium 2009}) 9... Nd7 10. e5 Be7 11. O-O-O d5 12. Kb1 a6 13. c4 b5 ({Black should play} 13... dxc4 $14 14. Nxc4 b5) 14. c5 $1 $16 ({Much worse is} 14. cxb5 $6 axb5 15. Nb3 (15. Bxb5 c6 $15) 15... c6 $15) 14... Nb8 15. Ne1 Nc6 16. Nc2 h5 17. f4 Qd7 18. g4 hxg4 19. Qxg4 O-O-O {[#]} 20. f5 $1 (20. Qxg7 $2 Rdg8 $19) 20... Kb8 21. Qxg7 exf5 22. h5 ({Better is} 22. Nf3 $16) 22... Rdg8 $1 $11 {[%cal Rg8g7]} 23. Qxf7 Rf8 $1 {[%cal Rf8f7]} 24. e6 Qd8 25. Qg6 Rhg8 26. Qh7 Rh8 27. Qg6 Rhg8 28. Qh6 Rg5 {Strongly threatening ...Rh8.} (28... Bg5 $5 {[%cal Rg5h6]} 29. Qh7 Bxd2 $11) 29. Nf3 $2 (29. Qh7 $11 {and White has nothing to worry.}) 29... Rh8 $19 30. Nxg5 Rxh6 31. Nf7 Qf8 32. Bxf5 Bc8 {White must now prevent ...Rf6.} 33. Rdg1 $2 (33. Rdf1) 33... Rxe6 34. Bxe6 Bxe6 35. h6 {And now h7 would win.} Bxf7 36. Rf1 {[#] Threatens to win with h7.} Nd8 $1 37. Ka1 Qh8 38. Nb4 Qh7 39. Rh3 Be6 40. Rhh1 Kb7 41. a4 a5 {Played: Nd8-c6} 0-1

[Event "FIDE Chesscom Grand Swiss 2019"]
[Site "Douglas-Isle of Man"]
[Date "2019.10.15"]
[Round "6.13"]
[White "Yilmaz, Mustafa"]
[Black "Melkumyan, Hrant"]
[Result "0-1"]
[WhiteElo "2595"]
[BlackElo "2650"]
[Annotator "TA"]
[PlyCount "136"]
[EventDate "2019.10.10"]
[EventType "swiss"]
[EventCountry "GBR"]
[SourceTitle "playchess.com"]
[Source "ChessBase"]
[SourceQuality "1"]

{[%evp 12,136,18,16,14,24,17,17,18,13,28,35,20,13,9,5,28,0,0,0,0,0,0,0,0,-1,-1,0,0,-6,0,-2,0,0,10,8,16,13,16,22,17,3,31,15,24,25,69,32,37,0,43,45,82,0,0,0,0,0,0,0,0,0,0,0,0,0,0,0,0,0,0,-18,-24,-99,-51,-105,-94,-91,-95,-91,-83,-232,-202,-227,-209,-239,-228,-252,-250,-240,-172,-163,-160,-154,-157,-152,-146,-125,-122,-118,-93,-94,-91,-99,-98,-98,-91,-96,-48,-58,-48,-64,-33,-173,-166,-160,-102,-258,-241,-389,-390,-372,-320,-294,-179,-471,-445]} 1. d4 Nf6 2. c4 e6 3. Nf3 d5 4. Nc3 Bb4 5. cxd5 exd5 6. Bg5 h6 7. Bh4 O-O {D38: Queen's Gambit Declined: Ragozin Defence (4 Nf3 Bb4)} 8. e3 Bf5 9. Be2 Nbd7 {The position is equal.} 10. Qb3 Qe7 11. a3 Bxc3+ 12. Qxc3 $146 ({Predecessor:} 12. bxc3 b5 13. Bxf6 Nxf6 14. O-O c6 15. a4 {½-½ (31) Bok,B (2640)-Grischuk,A (2759) Khanty-Mansiysk 2019}) 12... Qe6 13. Bxf6 Nxf6 14. O-O c6 15. Nd2 Ne4 16. Nxe4 Bxe4 17. b4 {[%cal Bb2b4,Bb4b5][%mdl 32]} Rfe8 18. a4 {[#]} Qg6 $1 {[%csl Ge4][%cal Rg6g2][%mdl 512]} 19. f3 Bf5 20. Rfe1 h5 21. Qd2 h4 22. b5 Re6 23. Rac1 Rae8 24. Rc3 Qg5 25. Bf1 Rg6 26. bxc6 bxc6 27. Qc1 Qf6 28. Re2 Re6 29. Rf2 Qd8 30. Rc5 {And now e4! would win.} Ref6 31. Qe1 Qd6 32. e4 (32. Rb2 $16) 32... dxe4 $11 33. fxe4 Bd7 34. Qe3 Rxf2 35. Qxf2 h3 36. g3 Qb8 37. e5 Qb3 38. a5 Qd1 39. Rc2 Rg4 40. Rd2 Qa1 41. Qe3 Be6 42. Kf2 (42. Qd3 $11 {remains equal.}) 42... Bd5 {Hoping for ...Re4.} 43. Qe1 (43. Qd3 $15) 43... Qxa5 $17 44. Bxh3 Re4 $36 {[%mdl 2048] Black has strong initiative.} 45. Qc1 {aiming for Bf5.} Qb4 46. Bf5 (46. Qb2 $17 Qxb2 47. Rxb2 Rxd4 48. Bf5) 46... Rxd4 $19 47. Rb2 Qf8 48. Qc3 Rc4 49. Qa5 g6 $1 {[%cal Rg6f5]} 50. Bd3 Qc5+ 51. Qxc5 Rxc5 {[%mdl 4096] Endgame KRB-KRB} 52. Ke3 Be6 53. Kf4 a5 {Strongly threatening ...a4.} 54. Rb8+ Kg7 {Threatens to win with ...a4.} 55. Ra8 Bb3 56. Ra7 a4 57. h4 Rc1 58. e6 Bxe6 59. Rxa4 c5 {White must now prevent ...c4.} 60. Ra6 Kf6 61. g4 Rd1 62. g5+ ({White should play} 62. Be4 $15) 62... Kg7 $1 63. Be4 {[#]} Rf1+ $1 64. Ke3 $2 {[#]} (64. Ke5 $17) 64... Rg1 $1 65. Kf3 (65. Bf3 {keeps fighting.}) 65... Rh1 66. Rc6 Rh3+ 67. Kf2 Rxh4 68. Bd3 $2 (68. Ke3) 68... Rd4 {Accuracy: White = 47%, Black = 67%.} 0-1

[Event "FIDE Chesscom Grand Swiss 2019"]
[Site "Douglas-Isle of Man"]
[Date "2019.10.15"]
[Round "6.14"]
[White "Kovalev, Vladislav"]
[Black "Harikrishna, Pentala"]
[Result "1-0"]
[WhiteElo "2661"]
[BlackElo "2748"]
[Annotator "TA"]
[PlyCount "119"]
[EventDate "2019.10.10"]
[EventType "swiss"]
[EventCountry "GBR"]
[SourceTitle "playchess.com"]
[Source "ChessBase"]
[SourceQuality "1"]

{[%evp 28,119,45,48,55,55,35,44,45,51,45,45,43,39,70,63,63,70,81,87,81,78,103,102,92,92,116,124,131,125,187,177,206,204,201,200,176,176,183,157,209,208,233,222,238,232,239,225,231,231,235,224,223,0,233,232,231,232,349,345,372,367,517,489,475,329,358,350,336,250,343,330,335,310,446,449,393,251,29985,29986,29986,29987,29987,29979,29988,29980,29980,29981,29981,29982,29982,29983,29983,29984]} 1. e4 e5 2. Nf3 Nc6 3. Bb5 a6 4. Ba4 Nf6 5. O-O Be7 6. Re1 b5 7. Bb3 d6 8. c3 O-O 9. h3 Nd7 10. d4 Bf6 11. a4 Bb7 12. d5 Ne7 13. axb5 axb5 14. Rxa8 Bxa8 15. Na3 Nc5 {C92: Closed Ruy Lopez: 9...Be6, Karpov and Flohr-Zaitsev Variations} 16. Bc2 c6 {[%cal Rc6d5]} 17. b4 Na6 {[%cal Rc6d5] White is slightly better.} 18. dxc6 Bxc6 19. Qd3 Nc7 20. Rd1 {[#]} Nc8 $146 ({Predecessor:} 20... Qa8 21. Qxd6 Ne6 22. Qd3 Ng6 23. Re1 {1-0 (44) Huebner,R (2605)-Short,N (2660) Skelleftea 1989}) 21. Be3 $36 {[%mdl 2048] White has some pressure.} Qd7 22. Nd2 Ne6 23. Nb3 Bd8 24. Nc5 Nxc5 25. bxc5 Be7 {[#]} 26. c4 $1 {[%cal Rc4b5]} b4 27. Nb5 {[%cal Rc5d6]} Rd8 {[#]} 28. Qb3 $1 Qe8 (28... Qb7 $16 {keeps fighting.}) 29. cxd6 $18 Nxd6 30. Nxd6 Bxd6 31. c5 Bc7 32. Rxd8 Qxd8 33. Qxb4 Qd7 (33... Qb8 $16 34. Qxb8+ Bxb8) 34. Qb1 h6 35. Bb3 Kf8 36. Bc4 Qd8 37. Qc2 Ke7 38. Bb3 Qd7 39. Qc4 Kf8 40. Qc2 $2 (40. Kh2 $18) 40... Bd8 $2 (40... Ke7 $1 $11 {and Black stays safe.}) 41. Bc4 Bc7 42. f3 f5 (42... Qd8 $142 43. Qb3 Qe7) 43. Bb3 ({Don't take} 43. exf5 Qd8) 43... f4 44. Bf2 {Qc4 is the strong threat.} Ke7 (44... Bb5 {might work better.} 45. Qa2 Qe8) 45. Qc4 Qe8 46. Qd3 Qb8 47. Bd5 Qb5 48. Qc2 Qa4 49. Qc1 Bb5 50. c6 Qa5 (50... Qa6 $142 51. Qc2 Kd8) 51. Kh2 g5 52. Bc5+ Bd6 $2 (52... Kf6 $18 53. Bg1 Qb4) 53. Qb2 {White mates.} Bxc5 54. Qxe5+ Kd8 55. Qb8+ Ke7 56. Qb7+ Kd6 57. Qd7+ $1 Ke5 58. Qg7+ {[%mdl 64] Double Attack} Kd6 59. Qf6+ Kc7 60. Qf7+ {Accuracy: White = 91%, Black = 43%.} 1-0

[Event "FIDE Chesscom Grand Swiss 2019"]
[Site "Douglas-Isle of Man"]
[Date "2019.10.15"]
[Round "6.14"]
[White "Chigaev, Maksim"]
[Black "Erdos, Viktor"]
[Result "1/2-1/2"]
[WhiteElo "2644"]
[BlackElo "2604"]
[Annotator "TA"]
[PlyCount "120"]
[EventDate "2019.10.10"]
[EventType "swiss"]
[EventCountry "GBR"]
[SourceTitle "playchess.com"]
[Source "ChessBase"]
[SourceQuality "1"]

{[%evp 9,120,11,50,44,44,42,42,33,45,36,42,32,42,35,58,29,45,36,59,47,50,47,46,46,53,56,66,40,39,29,44,44,42,38,38,45,76,42,45,45,55,49,52,60,81,93,115,50,32,20,25,9,9,5,16,16,16,19,16,16,20,20,28,24,23,12,12,12,19,20,24,24,54,54,62,74,74,21,21,21,21,21,21,0,21,21,21,0,0,0,146,151,186,179,266,267,232,232,227,206,267,262,236,208,224,106,103,105,84,0,0,0,0]} 1. e4 e6 2. Qe2 d5 3. exd5 Qxd5 4. Nc3 Qd8 5. g3 Bd7 6. Bg2 {C00: French: Unusual White 2nd moves} Bc6 7. Nf3 Nf6 8. O-O {White is slightly better.} Be7 9. b3 O-O 10. Bb2 Re8 $146 ({Predecessor:} 10... b6 11. Rfe1 Bb7 12. d4 Re8 {1-0 (26) Vovk,Y (2441)-Vysochin,S (2555) Odessa 2006}) 11. Rad1 b6 12. Rfe1 Bb7 13. d4 Bf8 14. Ne5 Bxg2 15. Kxg2 Bb4 16. Qf3 Bxc3 17. Qxc3 Qd5+ 18. Kg1 Nbd7 19. Qe3 Rad8 20. c4 Qa8 21. Qf4 Nxe5 22. Rxe5 Nd7 23. Ree1 (23. Re3 {looks sharper.} Qc6 24. Rde1 Nf6 25. g4 Qd6 26. Qf3) 23... Qc8 24. Re3 f6 25. Rde1 Nf8 26. Qg4 Kf7 27. Qh5+ Ng6 28. h4 (28. f4 $16) 28... c5 $14 29. d5 (29. Qxh7 $2 cxd4 30. Bxd4 Rh8 $19) 29... exd5 {Hoping for ...Rxe3.} 30. Rxe8 ({Wrong is} 30. Qxh7 $2 Rxe3 31. Rxe3 Rh8 $19) 30... Rxe8 31. Qxd5+ Re6 32. Rd1 Ne7 33. Qh5+ Kg8 34. Bc3 h6 35. Qf3 Qc6 36. Rd8+ Kf7 $1 37. Qh5+ Ng6 38. Qd1 Re8 39. Rd5 Re7 40. h5 Ne5 41. Bxe5 Rxe5 42. Rxe5 fxe5 {[%mdl 4096] Endgame KQ-KQ} 43. Qd3 ({Better is} 43. Qd8 $1 $16) 43... e4 44. Qd2 Qf6 45. Qd7+ Qe7 46. Qc6 e3 {Threatens to win with ...e2.} 47. Qf3+ Qf6 $1 {[%cal Rf6f3]} 48. Qd5+ Ke7 $1 49. Qb7+ Kd6 (49... Ke6 $1 $11 50. Qe4+ Qe5 51. Qc6+ (51. Qxe3 Qxe3 52. fxe3 Kf5 $11) 51... Ke7 52. Qb7+ {[%mdl 64] Double Attack} Kf6 53. Qf3+ Ke6 54. Qc6+ (54. Qxe3 Qxe3 55. fxe3 Kf5 $11) 54... Ke7 55. Qb7+ {[%mdl 64] Double Attack} Kf6 56. Qf3+ Ke6 57. fxe3 Qa1+ {[%mdl 64] Double Attack} 58. Kh2 Qxa2+ {[%mdl 64] Double Attack} 59. Kh3 Qc2) 50. Qb8+ $16 Ke6 51. Qe8+ Kf5 (51... Kd6 $142 52. Qxe3 a6 53. Qd2+ Kc7) 52. Qxe3 $18 Kg4 53. Qe2+ Qf3 54. Qe5 $1 Kh3 {[%csl Gh3][%cal Rf3g2]} 55. Qe6+ Qg4 56. Qd5 {[%cal Rd5h1]} Qe2 {[%cal Re2e1]} 57. Qd7+ (57. Qg2+ $18 {has better winning chances.} Kg4 58. Qd5) 57... Qg4 $16 {[#]} 58. Qd3 $1 {[%cal Rd3f1]} Qe6 {[#]} 59. Kf1 (59. Qf1+ $1 $16 Kg4 60. Qd1+ Kh3 61. Qf1+ Kg4 62. Qa1) 59... Qf6 $11 60. Qd1 Kh2 {Accuracy: White = 64%, Black = 60%.} 1/2-1/2

[Event "FIDE Chesscom Grand Swiss 2019"]
[Site "Douglas-Isle of Man"]
[Date "2019.10.15"]
[Round "6.15"]
[White "Wojtaszek, Radoslaw"]
[Black "Demchenko, Anton"]
[Result "1-0"]
[WhiteElo "2748"]
[BlackElo "2655"]
[Annotator "TA"]
[PlyCount "101"]
[EventDate "2019.10.10"]
[EventType "swiss"]
[EventCountry "GBR"]
[SourceTitle "playchess.com"]
[Source "ChessBase"]
[SourceQuality "1"]

{[%evp 20,101,48,15,61,54,68,46,57,2,30,38,56,43,49,0,0,0,0,0,0,0,0,-16,0,0,0,0,0,0,28,37,29,0,13,15,51,51,51,51,51,7,0,0,70,70,128,21,70,10,58,0,0,0,85,14,14,14,37,0,207,209,166,183,193,66,104,66,336,322,307,326,343,314,1208,1145,2514,2426,1882,1804,1539,2204,12833,10265]} 1. d4 Nf6 2. c4 g6 3. Nc3 Bg7 4. e4 O-O 5. Nf3 d6 6. Be2 e5 7. O-O Nc6 8. d5 Ne7 9. b4 a5 10. bxa5 Rxa5 11. a4 c5 {E97: King's Indian: Classical Main Line (6...e5 7 0-0 Nc6): 8 Be3 and 8 d5 Ne7, not 9 Ne1} (11... Nh5 12. Re1 f5 13. Ra3 Nf6 14. Bf1 h6 15. Bd2 c5 16. exf5 Nxf5 17. Nb5 Ra6 18. h3 e4 19. Nh2 {1-0 (55) Yuffa,D (2571)-Salem,A (2668) Abu Dhabi 2019}) 12. Bd2 Ra6 13. Qc1 Nh5 $146 {White is slightly better.} ({Predecessor:} 13... Kh8 14. Bh6 Neg8 15. Bxg7+ Kxg7 16. Ne1 Ne8 17. f4 f6 18. Nd3 Qe7 19. Qe3 {0-1 (49) Yakkimaienen,V (2350)-Udalov,O (2264) Gatchina 2000}) 14. Rb1 ({Better is} 14. Ra3 $14) 14... b6 (14... Nf4 $5) 15. Rb3 Bd7 16. Ra3 f5 17. Nb5 fxe4 18. Ng5 Nf4 $1 {[%cal Rf4e2]} 19. Bxf4 exf4 20. Nxe4 Nf5 21. Qxf4 Bh6 22. Qf3 Ne3 23. Rxe3 Rxf3 24. Rxf3 Bxb5 (24... Bg7 {with more complications.} 25. Nbxd6 Rxa4 26. h3 Qa8 27. Bd3 Ra3) 25. axb5 Ra2 26. Bd3 Bg7 $1 27. g3 Ra3 28. h4 h6 29. Re1 Be5 $1 30. Kg2 Kg7 $1 31. Nd2 Ra2 ({Black should play} 31... Qa8 $1 $11) 32. Nf1 $1 $14 Qa8 (32... h5 $14) 33. Nh2 (33. Re4 $16) 33... Ra1 34. Re4 $1 {[%cal Re4g4] And now Rg4 would win.} h5 35. Rfe3 (35. g4 $1 $14) 35... Qa4 $1 $11 36. Re1 Rd1 {[#]} (36... Rxe1 $1 $11 {remains equal.} 37. Rxe1 Qa2) 37. Rxd1 (37. Bf1 $1 $16) 37... Qxd1 38. Bf1 Qb1 39. Re2 {[#]} Kf7 $2 (39... g5 $1 $11 {[%mdl 512] and Black stays safe.} 40. hxg5 h4) 40. Nf3 $18 Bf6 41. Re6 Be7 42. Nd2 ({White should try} 42. Be2 $18) 42... Qc2 43. Ne4 $36 {[%mdl 2048] White has the initiative.} Kf8 $2 {[%mdl 8192]} (43... Qd1 $14 44. Nxd6+ Bxd6) 44. Nxd6 Bxd6 45. Rxd6 {[%mdl 4096] Endgame KQ-KRB} g5 46. hxg5 h4 $2 (46... Qd2 47. Rxb6 Qxg5) 47. Rf6+ {White is clearly winning.} Kg7 48. gxh4 Qe4+ 49. Kg3 Qe5+ 50. Rf4 Kg6 51. Kg4 {Accuracy: White = 48%, Black = 42%.} 1-0

[Event "FIDE Chesscom Grand Swiss 2019"]
[Site "Douglas-Isle of Man"]
[Date "2019.10.15"]
[Round "6.15"]
[White "Bjerre, Jonas Buhl"]
[Black "Zvjaginsev, Vadim"]
[Result "1/2-1/2"]
[WhiteElo "2506"]
[BlackElo "2644"]
[Annotator "TA"]
[PlyCount "50"]
[EventDate "2019.10.10"]
[EventType "swiss"]
[EventCountry "GBR"]
[SourceTitle "playchess.com"]
[Source "ChessBase"]
[SourceQuality "1"]

{[%evp 12,50,28,20,20,20,19,21,16,13,14,20,12,14,16,10,20,14,12,8,15,0,0,-8,-8,-16,0,0,0,0,0,-7,-8,-16,0,0,0,-22,-10,-12,0]} 1. e4 e6 2. d4 d5 3. Nd2 c5 4. exd5 exd5 5. Ngf3 Nc6 6. Bb5 Qe7+ 7. Be2 Qc7 {The position is equal. C09: French Tarrasch: 3...c5 4 exd5 exd5 5 Ngf3 Nc6} 8. O-O Nf6 9. Re1 Be6 10. dxc5 Bxc5 11. Nb3 Bb6 12. Nfd4 O-O 13. Be3 Rae8 {[%cal Ba8e8,Be8e5,Be5d5][%mdl 32] [#]} 14. Nb5 $146 ({Predecessor:} 14. a4 a6 15. Bf3 {0-1 (31) Czarnota,P (2561)-Navara,D (2739) Poland 2017}) 14... Qd8 15. Bxb6 Qxb6 16. N5d4 Bd7 17. Nxc6 bxc6 18. c4 Re5 19. cxd5 Rfe8 {[#] ...Bg4! is the strong threat.} 20. Qd2 Rxd5 21. Qc3 Ne4 22. Qe3 $1 Nc5 23. Qc3 Ne4 24. Qe3 $1 Nd2 25. Qc3 Ne4 {Accuracy: White = 67%, Black = 59%.} 1/2-1/2

[Event "FIDE Chesscom Grand Swiss 2019"]
[Site "Douglas-Isle of Man"]
[Date "2019.10.15"]
[Round "6.16"]
[White "Mamedov, Rauf"]
[Black "Artemiev, Vladislav"]
[Result "1/2-1/2"]
[WhiteElo "2645"]
[BlackElo "2746"]
[Annotator "ChessBase"]
[PlyCount "82"]
[EventDate "2019.10.10"]
[EventType "swiss"]
[EventCountry "GBR"]
[SourceTitle "playchess.com"]
[Source "ChessBase"]
[SourceQuality "1"]
[TimeControl "40/6000+30:20/3000+30:900+30"]

1. e4 {[%emt 0:00:00]} c5 {[%emt 0:00:00]} 2. c3 {[%emt 0:00:00]} d5 {[%emt 0:00:07]} 3. exd5 {[%emt 0:00:00]} Qxd5 {[%emt 0:00:13]} 4. d4 {[%emt 0:00:00]} Nf6 {[%emt 0:00:34]} 5. Nf3 {[%emt 0:00:10]} e6 {[%emt 0:00:39]} 6. Bd3 {[%emt 0:03:22]} Be7 {[%emt 0:00:22]} 7. Be3 {[%emt 0:00:37]} O-O {[%emt 0:08:24]} 8. O-O {[%emt 0:20:56]} b6 {[%emt 0:08:28]} 9. c4 {[%emt 0:03:26]} Qd8 {[%emt 0:02:18]} 10. dxc5 {[%emt 0:08:58]} Bxc5 {[%emt 0:01:55]} 11. Bxc5 {[%emt 0:06:14]} bxc5 {[%emt 0:00:13]} 12. Nc3 {[%emt 0:00:12]} Bb7 {[%emt 0:00:28]} 13. Qe2 {[%emt 0:00:42]} Qe7 {[%emt 0:28:15]} 14. Rad1 {[%emt 0:04:44]} Nc6 {[%emt 0:01:49]} 15. Bb1 {[%emt 0:05:37]} Rad8 {[%emt 0:02:43]} 16. Qe3 {[%emt 0:01:56]} Nb8 {[%emt 0:19:34]} 17. Ne5 {[%emt 0:12:13]} Qc7 {[%emt 0:05:39]} 18. h3 {[%emt 0:13:33]} h6 {[%emt 0:03:16]} 19. Rfe1 {[%emt 0:03:20]} Ba8 {[%emt 0:02:02]} 20. b3 {[%emt 0:02:04]} Qb7 {[%emt 0:03:27]} 21. Nf3 {[%emt 0:03:14]} Qb4 {[%emt 0:07:18]} 22. Ne5 {[%emt 0:05:10]} Qb7 {[%emt 0:03:07]} 23. f3 {[%emt 0:00:16]} Qc7 {[%emt 0:00:19]} 24. Nb5 {[%emt 0:05:38]} Qb6 {[%emt 0:01:32]} 25. Nc3 {[%emt 0:00:04]} Rd4 {[%emt 0:02:04]} 26. Na4 {[%emt 0:01:39]} Qd6 {[%emt 0:01:37]} 27. Bc2 {[%emt 0:02:07]} Na6 {[%emt 0:04:10]} 28. Nd3 {[%emt 0:01:07]} Rd8 {[%emt 0:01:49]} 29. Ndxc5 {[%emt 0:00:40]} Nxc5 {[%emt 0:00:13]} 30. Rxd4 {[%emt 0:00:04]} Qxd4 {[%emt 0:00:05]} 31. Qxd4 {[%emt 0:02:09]} Rxd4 {[%emt 0:00:05]} 32. Nxc5 {[%emt 0:00:02]} Rd2 {[%emt 0:00:06]} 33. Bb1 {[%emt 0:03:19]} g5 {[%emt 0:01:19]} 34. Nd3 {[%emt 0:01:42]} Nh5 {[%emt 0:00:47]} 35. Nf2 {[%emt 0:00:22]} Nf4 {[%emt 0:00:36]} 36. Kf1 {[%emt 0:01:04]} Kg7 {[%emt 0:01:22]} 37. Rc1 {[%emt 0:00:45]} f5 {[%emt 0:00:32]} 38. Rc2 {[%emt 0:00:19]} Rd8 {[%emt 0:00:43]} 39. Rc3 {[%emt 0:00:08]} Rd2 {[%emt 0:00:33]} 40. Rc2 {[%emt 0:00:04]} Rd8 {[%emt 0:00:28]} 41. Rc3 {[%emt 0:52:01]} Rd2 {[%emt 0:16:50]} 1/2-1/2

[Event "FIDE Chesscom Grand Swiss 2019"]
[Site "Douglas-Isle of Man"]
[Date "2019.10.15"]
[Round "6.16"]
[White "Nguyen, Ngoc Truong Son"]
[Black "Lu, Shanglei"]
[Result "1/2-1/2"]
[WhiteElo "2638"]
[BlackElo "2602"]
[Annotator "TA"]
[PlyCount "58"]
[EventDate "2019.10.10"]
[EventType "swiss"]
[EventCountry "GBR"]
[SourceTitle "playchess.com"]
[Source "ChessBase"]
[SourceQuality "1"]

{[%evp 13,58,24,20,4,18,18,39,39,32,14,34,38,55,12,21,22,12,11,20,27,24,0,0,0,0,5,13,0,4,0,0,0,0,0,2,0,2,0,0,0,0,0,0,0,0,0,0]} 1. d4 Nf6 2. c4 e6 3. Nc3 d5 4. Bg5 Nbd7 5. e3 h6 6. Bh4 Be7 7. Nf3 O-O 8. Be2 {D56: Queen's Gambit Declined: Lasker Defence} c5 9. cxd5 Nxd5 10. Bxe7 {White is slightly better.} Nxe7 11. O-O Nc6 $146 ({Predecessor:} 11... cxd4 12. Qxd4 Nf6 13. Rfd1 Qxd4 14. Nxd4 Bd7 15. Bf3 Rab8 {½-½ (57) Andreikin,D (2722)-Yu,Y (2739) Hengshui 2019}) 12. dxc5 Nxc5 13. Qxd8 (13. a3 {with more complications.} Nd7 14. Qc2 Nf6 15. Rad1 Bd7 16. Rd2) 13... Rxd8 14. Rfd1 Bd7 15. Rac1 Rac8 16. Nb5 Ne4 17. Bd3 Nb4 {The position is equal.} 18. Bxe4 Rxc1 19. Rxc1 Bxb5 20. a3 (20. g4 {is interesting.} Bc6 21. Bxc6 Nxc6 22. Kf1 Kf8 23. Ke2) 20... Bc6 {[#] ...Na2 is the strong threat.} 21. Bxc6 Nxc6 $11 {[%mdl 4096] Endgame KRN-KRN} 22. Kf1 Kf8 23. Ke2 Ke7 24. Ne1 Kd6 25. Nd3 Rc8 26. Rd1 Ke7 27. Rc1 Kd6 28. Rd1 Ke7 29. Rc1 Kd6 {Accuracy: White = 59%, Black = 71%.} 1/2-1/2

[Event "FIDE Chesscom Grand Swiss 2019"]
[Site "Douglas-Isle of Man"]
[Date "2019.10.15"]
[Round "6.17"]
[White "Nakamura, Hikaru"]
[Black "Riazantsev, Alexander"]
[Result "1-0"]
[WhiteElo "2745"]
[BlackElo "2645"]
[Annotator "TA"]
[PlyCount "63"]
[EventDate "2019.10.10"]
[EventType "swiss"]
[EventCountry "GBR"]
[SourceTitle "playchess.com"]
[Source "ChessBase"]
[SourceQuality "1"]

{[%evp 26,63,25,18,33,30,28,30,35,39,42,35,40,38,44,50,47,34,53,56,53,58,69,69,69,70,519,512,666,666,999,996,983,961,916,923,744,641,1310,1261]} 1. e4 c6 2. d4 d5 3. Nc3 dxe4 4. Nxe4 Bf5 5. Ng3 Bg6 6. h4 h6 7. Nf3 Nd7 8. h5 Bh7 9. Bd3 Bxd3 10. Qxd3 e6 11. Bd2 Ngf6 12. O-O-O Qc7 13. Ne4 O-O-O 14. g3 Be7 {B19: Classical Caro-Kann: 4...Bf5 main line} (14... Nxe4 15. Qxe4 Nf6 16. Qe2 Bd6 17. Kb1 Kb8 18. c4 c5 19. Bc3 cxd4 20. Nxd4 a6 21. Nb3 Qc6 22. Rh4 Bc7 23. Rc1 Rhe8 24. c5 e5 25. Ba5 {1-0 (41) Safarli,E (2641)-Paichadze,L (2581) Kocaeli 2017}) 15. Nxf6 Nxf6 16. Qe2 Rhe8 {White has an edge.} 17. Kb1 Nd7 18. Rhe1 Kb8 $146 ({Predecessor:} 18... Nf6 19. c3 Ng4 20. Bf4 Bd6 21. Ne5 Nxe5 22. dxe5 Bf8 23. g4 Be7 {½-½ (34) Heidrich,M (2415)-Seger,R (2406) Germany 2002}) 19. c4 Ka8 20. c5 Qc8 21. Qc4 Nf6 22. Ne5 Rf8 23. Qa4 Rd5 24. Nc4 {Hoping for Nb6+.} Bd8 $1 25. Bf4 $1 $36 {[%mdl 2048] White has some pressure.} Rxh5 $2 {[%mdl 8192]} (25... Nxh5 $14 26. Be5 Nf6) 26. Re3 $18 {Threatening mate with Qxa7+!White is clearly winning.} a6 {[#]} 27. Nd6 $1 {[%cal Rd6c8]} Qc7 {[#]} 28. Nxb7 $1 {[%mdl 512]} Qxb7 (28... Kxb7 29. Rb3+) 29. Rb3 Nd5 30. Rxb7 Kxb7 31. Qb3+ Kc8 32. Qb8+ {Accuracy: White = 78%, Black = 44%.} 1-0

[Event "FIDE Chesscom Grand Swiss 2019"]
[Site "Douglas-Isle of Man"]
[Date "2019.10.15"]
[Round "6.17"]
[White "Mareco, Sandro"]
[Black "Safarli, Eltaj"]
[Result "1/2-1/2"]
[WhiteElo "2634"]
[BlackElo "2593"]
[Annotator "TA"]
[PlyCount "71"]
[EventDate "2019.10.10"]
[EventType "swiss"]
[EventCountry "GBR"]
[SourceTitle "playchess.com"]
[Source "ChessBase"]
[SourceQuality "1"]

{[%evp 16,71,31,22,28,29,25,25,26,18,36,22,95,50,54,38,40,29,49,43,42,44,70,19,31,12,10,0,16,19,20,23,23,13,51,29,38,11,36,36,36,38,40,47,41,33,33,33,33,33,33,33,33,28,41,29,29,29]} 1. d4 Nf6 2. c4 e6 3. Nf3 Bb4+ 4. Nbd2 b6 5. a3 Bxd2+ 6. Qxd2 Bb7 7. e3 O-O 8. Be2 a5 9. b3 d5 {E14: Queen's Indian: Classical Variation (4 e3)} (9... d6 10. Bb2 Nbd7 11. O-O Qe7 12. Qc2 c5 13. Rfd1 Rfd8 14. Qc3 Ne4 15. Qe1 h6 16. Nd2 Nef6 17. Nb1 cxd4 18. exd4 e5 19. Bf1 e4 {1-0 (64) Wojtaszek,R (2742)-Moiseenko,A (2698) Germany 2015}) 10. O-O Nbd7 11. Bb2 c5 12. Rfd1 Rc8 13. Ne5 {[#]} Rc7 $146 (13... Qe7 $11) ({Predecessor:} 13... Qe7 14. Nxd7 Nxd7 15. Rac1 Rfd8 16. Bf1 Qf8 17. Qc2 cxd4 18. Rxd4 {1-0 (36) Lenic,L (2641)-Paichadze,L (2568) Minsk 2017}) 14. Nxd7 Nxd7 15. dxc5 Nxc5 16. Qd4 {[%csl Gb2][%cal Rd4g7] [#]} Qg5 {...dxc4 is the strong threat.} 17. Qe5 Qxe5 18. Bxe5 Rcc8 19. Rab1 (19. cxd5 $14 Bxd5 20. b4) 19... dxc4 20. Bxc4 Be4 21. Rbc1 Nd3 22. Bxd3 Rxc1 23. Rxc1 Bxd3 $11 {[%mdl 4096] Endgame KRB-KRB} 24. Rc3 Ba6 25. h4 Rc8 26. Rxc8+ Bxc8 $14 {KB-KB} 27. Bc7 a4 28. bxa4 Bd7 29. Bxb6 Bxa4 30. f3 f6 31. Kf2 Kf7 32. g4 Bd1 33. Kg3 e5 34. f4 exf4+ 35. Kxf4 h6 36. h5 {Accuracy: White = 33%, Black = 64%.} 1/2-1/2